[Event "CZE-ch U14 Girls"]
[Site "Kouty nad Desnou"]
[Date "2010.03.10"]
[Round "6"]
[White "Shejbalova, Adela"]
[Black "Richterova, Natasa"]
[Result "0-1"]
[WhiteElo "1100"]
[BlackElo "1702"]
[PlyCount "42"]
[EventDate "2010.03.06"]
[EventType "swiss"]
[EventRounds "9"]
[EventCountry "CZE"]
[SourceTitle "EXT 2012"]
[Source "ChessBase"]
[SourceDate "2011.11.24"]
[SourceVersion "1"]
[SourceVersionDate "2011.11.24"]
[SourceQuality "1"]

1. e4 e5 2. Nf3 Nf6 3. Nc3 Nc6 4. d4 Bb4 5. dxe5 Nxe4 6. Bd2 Bxc3 7. Bxc3 Nxc3 8. bxc3 b6 9. Bc4 Bb7 10. 0-0 Qe7 11. Re1 0-0-0 12. Qd3 h5 13. Ba6 Rhg8 14. Bxb7+ Kxb7 15. Qd5 Kb8 16. Rab1 g5 17. g3 g4 18. Nh4 Rg5 19. f4 gxf3 20. Nxf3 Rg7 21. Nh4 Qxh4 0-1

[Event "CZE-ch U14 Girls"]
[Site "Kouty nad Desnou"]
[Date "2010.03.06"]
[Round "1"]
[White "Shejbalova, Adela"]
[Black "Stranska, Kamila"]
[Result "1/2-1/2"]
[WhiteElo "1100"]
[BlackElo "1547"]
[PlyCount "88"]
[EventDate "2010.03.06"]
[EventType "swiss"]
[EventRounds "9"]
[EventCountry "CZE"]
[SourceTitle "EXT 2012"]
[Source "ChessBase"]
[SourceDate "2011.11.24"]
[SourceVersion "1"]
[SourceVersionDate "2011.11.24"]
[SourceQuality "1"]

1. e4 d5 2. exd5 Nf6 3. d4 Nxd5 4. Nf3 Bg4 5. Be2 e6 6. Nbd2 Nc6 7. Nb3 Be7 8. 0-0 0-0 9. Bd2 Rb8 10. Re1 Nf6 11. Be3 Nd5 12. Bd2 Bxf3 13. Bxf3 Bg5 14. a3 Re8 15. Bxd5 Qxd5 16. Bxg5 Qxg5 17. Qd3 Red8 18. Rad1 Qd5 19. Rd2 b6 20. Red1 Re8 21. Qe3 Rbd8 22. h3 Na5 23. Nxa5 Qxa5 24. Qg3 Rd7 25. c3 Qb5 26. Qf3 Qd5 27. Qxd5 exd5 28. Kf1 Rde7 29. Rc1 Kf8 30. Rdd1 Re2 31. Rb1 Rc2 32. Re1 Rxe1+ 33. Kxe1 Ke7 34. g3 Ke6 35. f3 g6 36. Kf1 h5 37. Re1+ Kd6 38. Re2 Rc1+ 39. Re1 Rxe1+ 40. Kxe1 f5 41. Ke2 Ke6 42. Ke3 g5 43. f4 g4 44. h4 Kd6 1/2-1/2

[Event "CZE-ch U14 Girls"]
[Site "Kouty nad Desnou"]
[Date "2009.03.13"]
[Round "8"]
[White "Frgalova, Hana"]
[Black "Shejbalova, Adela"]
[Result "0-1"]
[WhiteElo "1250"]
[BlackElo "1250"]
[PlyCount "84"]
[EventDate "2009.03.07"]
[EventType "swiss"]
[EventRounds "9"]
[EventCountry "CZE"]
[SourceTitle "EXT 2011"]
[Source "ChessBase"]
[SourceDate "2010.11.26"]
[SourceVersion "1"]
[SourceVersionDate "2010.11.26"]
[SourceQuality "1"]

1. e4 e5 2. Nf3 Nc6 3. Nc3 Nf6 4. Bb5 Bb4 5. 0-0 0-0 6. d3 d6 7. Bg5 Bxc3 8. bxc3 Bg4 9. Rb1 Qe7 10. Re1 Rab8 11. Re3 Qe6 12. Bc4 d5 13. exd5 Nxd5 14. Bxd5 Qxd5 15. c4 Qd6 16. Qd2 Rfe8 17. Qc3 Qg6 18. g3 Bxf3 19. Rxf3 Qxg5 20. Re1 Rbd8 21. c5 Rd5 22. Qc4 Rd7 23. c3 Ree7 24. Re4 Re6 25. Qb3 b6 26. Qb5 Rde7 27. Kg2 Qd2 28. cxb6 axb6 29. Qc4 Na5 30. Qa4 Qxc3 31. d4 Qc6 32. Qd1 exd4 33. Rxd4 Nb7 34. Qb3 Nc5 35. Qd1 Rd7 36. Rxd7 Nxd7 37. Qb3 Ne5 38. Qd1 h6 39. Qd8+ Kh7 40. Qd1 Qxf3+ 41. Qxf3 Nxf3 42. Kxf3 c5 0-1

[Event "CZE-ch U14 Girls"]
[Site "Kouty nad Desnou"]
[Date "2009.03.12"]
[Round "7"]
[White "Sotolova, Anna"]
[Black "Shejbalova, Adela"]
[Result "1-0"]
[WhiteElo "1250"]
[BlackElo "1250"]
[PlyCount "41"]
[EventDate "2009.03.07"]
[EventType "swiss"]
[EventRounds "9"]
[EventCountry "CZE"]
[SourceTitle "EXT 2011"]
[Source "ChessBase"]
[SourceDate "2010.11.26"]
[SourceVersion "1"]
[SourceVersionDate "2010.11.26"]
[SourceQuality "1"]

1. e4 e5 2. Nf3 Nc6 3. Nc3 Nf6 4. Bb5 Bb4 5. 0-0 0-0 6. d3 d6 7. Bg5 Bg4 8. Nd5 Nd4 9. Nxf6+ gxf6 10. Bh6 Bxf3 11. gxf3 Nxb5 12. f4 Qd7 13. f5 Kh8 14. Bxf8 Rxf8 15. c3 Bxc3 16. bxc3 Nxc3 17. Qh5 d5 18. Rfc1 Nb5 19. Kh1 Rg8 20. Qh6 Qe7 21. Rg1 1-0

[Event "CZE-ch U14 Girls"]
[Site "Kouty nad Desnou"]
[Date "2009.??.??"]
[Round "5"]
[White "Bartosova, Veronika"]
[Black "Shejbalova, Adela"]
[Result "1-0"]
[WhiteElo "1323"]
[BlackElo "1250"]
[PlyCount "43"]
[EventDate "2009.03.07"]
[EventType "swiss"]
[EventRounds "9"]
[EventCountry "CZE"]
[SourceTitle "EXT 2011"]
[Source "ChessBase"]
[SourceDate "2010.11.26"]
[SourceVersion "1"]
[SourceVersionDate "2010.11.26"]
[SourceQuality "1"]

1. e4 e5 2. Nf3 Nc6 3. d4 exd4 4. Nxd4 Bc5 5. Be3 Qf6 6. c3 Nge7 7. Nb5 Bxe3 8. fxe3 Qe5 9. Qf3 0-0 10. Bd3 b6 11. 0-0 Ba6 12. N1a3 d5 13. exd5 Nxd5 14. Be4 Rad8 15. c4 f5 16. Bxd5+ Kh8 17. Bxc6 Rf6 18. Rad1 Rxd1 19. Rxd1 h6 20. Qg3 Qxb2 21. Rd7 Rxc6 22. Nd4 1-0

[Event "CZE-ch U12 Girls"]
[Site "Sec u Chrudimi"]
[Date "2007.03.17"]
[Round "9"]
[White "Shejbalova, Adela"]
[Black "Sotolova, Anna"]
[Result "1/2-1/2"]
[WhiteElo "1250"]
[BlackElo "1100"]
[PlyCount "30"]
[EventDate "2007.03.10"]
[EventType "swiss"]
[EventRounds "9"]
[EventCountry "CZE"]
[SourceTitle "EXT 2008"]
[Source "ChessBase"]
[SourceDate "2007.11.25"]
[SourceVersion "1"]
[SourceVersionDate "2007.11.25"]
[SourceQuality "1"]

1. e4 e5 2. Nf3 Nc6 3. Nc3 Nf6 4. Bb5 a6 5. Bxc6 bxc6 6. Nxe5 Bb7 7. d3 Be7 8. Bf4 d6 9. Nf3 Qd7 10. Qd2 0-0-0 11. 0-0-0 d5 12. Ng5 Rhf8 13. Rde1 Bb4 14. e5 Nh5 15. Nh3 d4 1/2-1/2

[Event "CZE-ch U12 Girls"]
[Site "Sec u Chrudimi"]
[Date "2007.03.15"]
[Round "7"]
[White "Johnova, Eliska"]
[Black "Shejbalova, Adela"]
[Result "1-0"]
[WhiteElo "1368"]
[BlackElo "1250"]
[PlyCount "33"]
[EventDate "2007.03.10"]
[EventType "swiss"]
[EventRounds "9"]
[EventCountry "CZE"]
[SourceTitle "EXT 2008"]
[Source "ChessBase"]
[SourceDate "2007.11.25"]
[SourceVersion "1"]
[SourceVersionDate "2007.11.25"]
[SourceQuality "1"]

1. e4 e5 2. Nc3 Nf6 3. f4 d6 4. Nf3 Nc6 5. Bb5 exf4 6. d4 Bd7 7. Bxf4 Be7 8. 0-0 0-0 9. Qe2 a6 10. Bd3 Nb4 11. Bc4 b5 12. Bb3 c6 13. a3 Nxc2 14. Bxc2 c5 15. e5 Nh5 16. Qe4 Nxf4 17. Qxh7# 1-0

[Event "CZE-ch U12 Girls"]
[Site "Sec u Chrudimi"]
[Date "2007.03.11"]
[Round "2"]
[White "Shejbalova, Adela"]
[Black "Kuchynkova, Lucie"]
[Result "0-1"]
[WhiteElo "1250"]
[BlackElo "1395"]
[PlyCount "58"]
[EventDate "2007.03.10"]
[EventType "swiss"]
[EventRounds "9"]
[EventCountry "CZE"]
[SourceTitle "EXT 2008"]
[Source "ChessBase"]
[SourceDate "2007.11.25"]
[SourceVersion "1"]
[SourceVersionDate "2007.11.25"]
[SourceQuality "1"]

1. e4 c5 2. Nc3 d6 3. Nf3 Nf6 4. d3 g6 5. Be3 Bg7 6. Be2 0-0 7. Qd2 Nc6 8. Bh6 Bd7 9. 0-0-0 Rc8 10. Bxg7 Kxg7 11. Ng5 Nd4 12. Rde1 Nxe2+ 13. Rxe2 a6 14. f4 e5 15. Rf1 h6 16. Nh3 Re8 17. f5 Bc6 18. fxg6 fxg6 19. Nf2 d5 20. h3 d4 21. Ncd1 Bb5 22. Ng4 Nxg4 23. hxg4 c4 24. Ref2 Rc7 25. Kb1 cxd3 26. cxd3 Qc8 27. g5 Bxd3+ 28. Ka1 Rc1+ 29. Qxc1 Qxc1# 0-1